MDQL
is popping MORE tags! Check the
thread
!
Quizzes
Events
Quiz Creation
Community
Videos
Private Events
Remove Ads
Sign In
Join for FREE
Feedback
Dark Mode
Quiz Categories
Sports
Geography
Music
Movies
Television
Just For Fun
Miscellaneous
History
Literature
Language
Science
Gaming
Entertainment
Religion
Holiday
For Kids
Quiz Lab
Recent
Popular Today
Quiz Kudos Today
Editor Picks
Curator Picks
Quizzes by...
Day
Popularity
Type
Ratings
Length
Year
Community
Subscriptions
Recent Discussions
Orange Saloon
Badges
Playlists
Quests
Create
Leaderboards
Showdown
Live 5
Trivia Bingo
Activity
Puzzle Library
Sporcle Events
Private Events
Virtual Trivia
Globe League
Become a Host
Pub Owners
SporcleCon
Opinionation
Our Games
Videos
Blog
Mobile Apps
Partnerships
Remove Ads and Go Orange
Feedback
Sports
Athletes
MLB
NBA
NHL
NFL
Soccer
Sports Teams
WWE
NCAA
Football
Premier League
Basketball
Baseball
Hockey
Golf
Tennis
Cricket
Rugby
Auto Racing
Olympics
World Cup
Sports
Athletes
MLB
NBA
NHL
NFL
Soccer
Sports Teams
WWE
NCAA
Football
Premier League
Basketball
Baseball
Hockey
Golf
Tennis
Cricket
Rugby
Auto Racing
Olympics
World Cup
Random Quiz
Search Sporcle
×
Quiz Lab
Quiz Lab
Sports
Der
Type in answers that appear in a list
Type in answers that appear in a list
Classic
Best Score? Go Orange.
VSV Topscorer der letzten 25 Jahre Stats
Nenne die VSV Topscorer der letzten 25 Jahre!
By
gsp26
4m
25 Questions
37 Plays
37 Plays
37 Plays
Comments
Comments
Give Quiz Kudos
Give Quiz Kudos
-
- Ratings
hide this ad
Replay
Link that replays current quiz
Next Quiz
Link to next quiz in quiz playlist
You Got
0%
They Got
Avg Score
46%
Avg Friend Score
Upgrade to see
Score Distribution
Jump to the score distribution portion of the page
Score
0/25
Timer
04:00
0
Plays Today
Hint
Answer
% Correct
2012-
2013
Derek Ryan
81.1%
2013-
2014
Derek Ryan
81.1%
2015-
2016
Ziga Pance
73%
2005-
2006
Dany Bousquet
70.3%
2006-
2007
Dany Bousquet
70.3%
2010-
2011
Michael Raffl
70.3%
2004-
2005
Jason Krog
54.1%
2007-
2008
Roland Kaspitz
54.1%
2009-
2010
Roland Kaspitz
54.1%
2011-
2012
Roland Kaspitz
54.1%
2014-
2015
Darren Haydar
54.1%
1993-
1994
Alfie Turcotte
48.6%
1992-
1993
Alfie Turcotte
48.6%
Hint
Answer
% Correct
1991-
1992
Alfie Turcotte
48.6%
1998-
1999
Marty Murray
40.5%
2001-
2002
Andreas Pusnik
35.1%
1994-
1995
Jackson Penney
35.1%
1997-
1998
Kent Salfi
32.4%
2000-
2001
Kent Salfi
32.4%
2002-
2003
Kent Salfi
32.4%
2008-
2009
Dan Cavanaugh
29.7%
1996-
1997
Kevin Miehm
24.3%
1999-
2000
Brad Purdie
18.9%
2003-
2004
Sean Selmser
18.9%
1995-
1996
Jason Lafreniere
10.8%
Quiz Playlist
Details
Report
Send in Message
Add To Playlist
Classic:
Type in answers that appear in a list
Last Updated: Feb 16, 2017
Quiz Scoreboard
CHALLENGE
Sign Up to Join the Scoreboard
Show All
Scores
Hide
Comments
May contain spoilers
Recently Published
5x2 Blitz: Bands
by SL_Kpop136
Music
30s
Colored Red Africa Blitz
by spor1
Geography
30s
Find the 'City' Movie
by crazypaving
Movies
60s
More to Explore
Quiz From the Vault
Featured Blog Post
14 Easter Pick-up Lines to Find Eggs With
hide this ad
You Might Also Like...
Tags
Der
Top Scorers
Today's Top Quizzes in Sports
Browse Sports
hide this ad
Top Contributed Quizzes in Sports
1
Les entraîneurs de l'OM et du PSG au 21e siècle
2
Les meilleurs buteurs des matchs entre le PSG et l’OM
3
Les joueurs passés par le PSG et l'OM
4
Players with Multiple 50 Home Run Seasons
5
2022 World Cup Stars
6
Criteria MLB: Left Handed Sluggers
7
NBA Logic Puzzle 2.0
8
MLB Players with Two .350 Batting Average Seasons
9
Top 10 NHL Goal Scorers of All Time
10
Les joueurs passés par le LOSC et le RC Lens
Explore More
Trending Topics
Anime
Kpop
Crossword
NBA
Harry Potter
Disney
Marvel
Pokémon
NFL
Country
Song
Puzzle
Soccer
The Office
WWE
hide this ad
More By:
gsp26
Quiz
Plays
Rating
Category
Featured
Created
ÖFB Teamspieler - Ära Marcel Koller
297
5.00
Sports
May 14, 2016
Österreichs Nationalteamtorhüter
172
Sports
May 21, 2016
ÖFB Teamspieler - Ära Hans Krankl
88
5.00
Sports
May 20, 2016
VSV und KAC
54
Sports
May 14, 2016
VSV Topscorer der letzten 25 Jahre
37
Sports
May 14, 2016
Go to Creator's Profile
Score Distribution
Quiz Creator Spotlight
gsp26
Follow
Send a Message
Quizzes Created
-
Created Quiz Play Count
-
More By This Creator
Popular Quizzes Today
1
Colored Red Africa Blitz
2
Find the 'City' Movie
3
5x2 Blitz: Bands
4
Find the US States - No Outlines Minefield
5
The Countries of the World
6
Find the US States
7
US States
8
Find the Countries of Europe - No Outlines Minefield
More Sports Quizzes
Just Be Close: Sports Edition
Published
Trending Quizzes
Colored Red Europe Blitz I
Colored Red Europe Blitz II
Colored Red Africa Blitz II
Colored Red Europe Blitz III
Colored Red Africa Blitz III
Recently Updated
How Do You Spell That?
pecheneg
Godzilla Movies
pecheneg
Grab Bag: 4-10 Letters
pecheneg
2024 March Madness Bracket
pecheneg
Famous TV Couples
Peacemaker
Champions League XIs: Real Madrid
pecheneg
Largest US Cities 1790-2010
pecheneg
Rides in Walt Disney World
pecheneg
Most Oscar Losses (Acting)
pecheneg
Beyoncé Albums
pecheneg
Trending Topics
Disney
Crossword
Harry Potter
Marvel
Anime
NBA
Kpop
Song
Puzzle
Soccer
WWE
Pokémon
NFL
Country
The Office
Your Account Isn't Verified!
In order to create a playlist on Sporcle, you need to verify the email address you used during registration. Go to your
Sporcle Settings
to finish the process.
Report this User
Report this user for behavior that violates our
Community Guidelines
.
Details:
Send Report
Go to the Sporcle.com Mobile Site →
Comments